[Event "Niksic IM 03"]
[Site "Niksic"]
[Date "2021.03.06"]
[Round "2"]
[White "Pecurica, Milos"]
[Black "Kontic, Djordjije"]
[Result "1/2-1/2"]
[WhiteElo "2320"]
[BlackElo "2248"]
[PlyCount "24"]
[EventDate "2021.03.05"]
[EventType "tourn"]
[EventRounds "9"]
[EventCountry "MNE"]
[SourceTitle "EXT 2022"]
[Source "ChessBase"]
[SourceDate "2021.10.06"]
[SourceVersion "1"]
[SourceVersionDate "2021.10.06"]
[SourceQuality "1"]

1. d4 f5 2. g3 Nf6 3. Bg2 g6 4. Nf3 Bg7 5. 0-0 0-0 6. c4 d6 7. Nc3 Nc6 8. d5 Na5 9. Qa4 b6 10. Qc2 Bd7 11. b3 c5 12. dxc6 Nxc6 1/2-1/2

[Event "MNT-chT"]
[Site "Podgorica"]
[Date "2020.10.14"]
[Round "8.3"]
[White "Scekic, Veljko"]
[Black "Kontic, Djordjije"]
[Result "0-1"]
[WhiteElo "2219"]
[BlackElo "2251"]
[PlyCount "40"]
[EventDate "2020.10.09"]
[EventType "team-tourn"]
[EventRounds "9"]
[EventCountry "MNE"]
[SourceTitle "CBM 198 Extra"]
[Source "ChessBase"]
[SourceDate "2020.11.30"]
[SourceVersion "1"]
[SourceVersionDate "2020.11.30"]
[SourceQuality "1"]
[WhiteTeam "Herceg Novi"]
[BlackTeam "Elektroprivreda"]
[WhiteTeamCountry "MNE"]
[BlackTeamCountry "MNE"]

1. Nf3 d6 2. e4 c5 3. d4 cxd4 4. Nxd4 Nf6 5. Nc3 Nc6 6. Bc4 Bd7 7. 0-0 g6 8. f4 Qb6 9. Be3 Ng4 10. Nd5 Nxe3 11. Nxb6 Nxd1 12. Nxa8 Ne3 13. Nxc6 Bxc6 14. Bb5 Nxf1 15. Bxc6+ bxc6 16. Kxf1 Kd7 17. c3 Bg7 18. Ke2 Rxa8 19. Kd3 Rb8 20. b3 Rb5 0-1

[Event "MNT Team Cup"]
[Site "Herceg Novi"]
[Date "2020.06.26"]
[Round "3.4"]
[White "Sukovic, Andrej"]
[Black "Kontic, Djordjije"]
[Result "0-1"]
[WhiteElo "2252"]
[BlackElo "2256"]
[PlyCount "76"]
[EventDate "2020.06.25"]
[EventType "team-swiss"]
[EventRounds "5"]
[EventCountry "MNE"]
[SourceTitle "EXT 2021"]
[Source "ChessBase"]
[SourceDate "2020.10.23"]
[SourceVersion "1"]
[SourceVersionDate "2020.10.23"]
[SourceQuality "1"]
[WhiteTeam "Buducnost"]
[BlackTeam "Elektroprivreda"]
[WhiteTeamCountry "MNE"]
[BlackTeamCountry "MNE"]

1. e4 c5 2. Nf3 e6 3. d4 cxd4 4. Nxd4 Nc6 5. Nc3 a6 6. Nxc6 bxc6 7. e5 Qc7 8. Bf4 f5 9. g4 Ne7 10. gxf5 Nxf5 11. Bd3 Rb8 12. Rg1 g6 13. Rb1 Bg7 14. Qe2 Qa5 15. Bxf5 Qxc3+ 16. bxc3 Rxb1+ 17. Kd2 Rxg1 18. Be4 0-0 19. Bg3 Bh6+ 20. Kd3 a5 21. Kd4 Rb1 22. h4 Bb7 23. c4 c5+ 24. Kc3 Bxe4 25. Qxe4 Rd1 26. Qb7 a4 27. f4 Bxf4 28. Bxf4 Rxf4 29. Qa8+ Kf7 30. Qxa4 Rxh4 31. Qb5 Rdd4 32. Kb2 Ke8 33. Qb8+ Ke7 34. a4 Rxc4 35. Qd6+ Ke8 36. a5 Rb4+ 37. Ka3 Ra4+ 38. Kb3 Rhb4+ 0-1

[Event "MNT-chT 1st League"]
[Site "Podgorica"]
[Date "2019.07.26"]
[Round "7.6"]
[White "Balic, Adnan"]
[Black "Kontic, Djordjije"]
[Result "1/2-1/2"]
[WhiteElo "2075"]
[BlackElo "2264"]
[PlyCount "21"]
[EventDate "2019.07.20"]
[EventType "team-tourn"]
[EventRounds "9"]
[EventCountry "MNE"]
[SourceTitle "EXT 2020"]
[Source "ChessBase"]
[SourceDate "2019.10.17"]
[SourceVersion "1"]
[SourceVersionDate "2019.10.17"]
[SourceQuality "1"]
[WhiteTeam "Rokada"]
[BlackTeam "Elektroprivreda"]
[WhiteTeamCountry "MNE"]
[BlackTeamCountry "MNE"]

1. c4 e5 2. Nc3 Nc6 3. g3 Bc5 4. e3 d6 5. Bg2 f5 6. Nge2 Nf6 7. d4 Bb6 8. Bxc6+ bxc6 9. dxe5 dxe5 10. Qxd8+ Kxd8 11. 0-0 1/2-1/2

[Event "MNT-ch 71st"]
[Site "Podgorica"]
[Date "2019.05.24"]
[Round "7"]
[White "Vujovic, Savo"]
[Black "Kontic, Djordjije"]
[Result "0-1"]
[WhiteElo "1940"]
[BlackElo "2264"]
[PlyCount "38"]
[EventDate "2019.05.18"]
[EventType "swiss"]
[EventRounds "9"]
[EventCountry "MNE"]
[SourceTitle "CBM 190 Extra"]
[Source "ChessBase"]
[SourceDate "2019.07.15"]
[SourceVersion "1"]
[SourceVersionDate "2019.07.15"]
[SourceQuality "1"]

1. e4 c5 2. Nf3 g6 3. d4 Bg7 4. Nc3 cxd4 5. Nxd4 Nc6 6. Be3 Nf6 7. Nxc6 bxc6 8. e5 Nd5 9. Nxd5 cxd5 10. Qxd5 Rb8 11. Bc4 0-0 12. 0-0 Qc7 13. f4 d6 14. exd6 exd6 15. Bb3 Re8 16. Qd2 Bxb2 17. Bd4 Bxd4+ 18. Qxd4 Qc5 19. Rfd1 Re1+ 0-1

[Event "Sarajevo Bosna op 49th"]
[Site "Sarajevo"]
[Date "2019.05.02"]
[Round "8"]
[White "Subelj, Jan"]
[Black "Kontic, Djordjije"]
[Result "1-0"]
[WhiteElo "2407"]
[BlackElo "2267"]
[PlyCount "73"]
[EventDate "2019.04.27"]
[EventType "swiss"]
[EventRounds "9"]
[EventCountry "BIH"]
[SourceTitle "CBM 190 Extra"]
[Source "ChessBase"]
[SourceDate "2019.07.15"]
[SourceVersion "1"]
[SourceVersionDate "2019.07.15"]
[SourceQuality "1"]

1. e4 c5 2. Na3 g6 3. c3 d5 4. d3 Bg7 5. Be2 h5 6. exd5 Nf6 7. Qa4+ Nbd7 8. c4 0-0 9. Nf3 a6 10. 0-0 b5 11. Qd1 Rb8 12. Bf4 Rb6 13. Qd2 Bb7 14. Ng5 Ng4 15. Bxg4 hxg4 16. Rae1 b4 17. Nb1 Rf6 18. Ne4 Rf5 19. Ng3 e5 20. Nxf5 gxf5 21. Bh6 f4 22. Bxg7 Kxg7 23. g3 Rh8 24. f3 Rh3 25. Qg2 fxg3 26. hxg3 f5 27. fxg4 fxg4 28. Nd2 Qa5 29. Re4 Nf6 30. Rxg4+ Nxg4 31. Qxh3 Bc8 32. Qh5 Qc7 33. Ne4 Qe7 34. d6 Qe6 35. Ng5 Qh6 36. Rf7+ Kg8 37. Rf8+ 1-0

[Event "MNT-chT 1st League"]
[Site "Podgorica"]
[Date "2018.09.09"]
[Round "3.3"]
[White "Kontic, Djordjije"]
[Black "Ivanovic, Vojislav"]
[Result "1-0"]
[WhiteElo "2276"]
[BlackElo "2041"]
[PlyCount "69"]
[EventDate "2018.09.07"]
[EventType "team-tourn"]
[EventRounds "9"]
[EventCountry "MNE"]
[SourceTitle "CBM 187 Extra"]
[Source "ChessBase"]
[SourceDate "2018.11.04"]
[SourceVersion "1"]
[SourceVersionDate "2018.11.04"]
[SourceQuality "1"]
[WhiteTeam "Rumija"]
[BlackTeam "Gambit"]
[WhiteTeamCountry "MNE"]
[BlackTeamCountry "MNE"]

1. e4 c6 2. d4 d5 3. exd5 cxd5 4. Bd3 Nf6 5. c3 Nc6 6. f4 Qb6 7. Nd2 Bg4 8. Qb3 Qc7 9. Ndf3 a6 10. Ne5 Bc8 11. Ngf3 h6 12. 0-0 e6 13. Qc2 Bd6 14. Bd2 0-0 15. Rae1 Bd7 16. f5 Rac8 17. Qc1 exf5 18. Bxh6 Bxe5 19. Nxe5 Nxe5 20. Rxe5 g6 21. Bxf8 Rxf8 22. Bxf5 Bxf5 23. Rexf5 Ng4 24. Qf4 Qxf4 25. R5xf4 f5 26. Rxg4 fxg4 27. Rxf8+ Kxf8 28. Kf2 Kg7 29. Kg3 Kf6 30. Kxg4 g5 31. g3 a5 32. a4 b6 33. h3 Kg6 34. h4 gxh4 35. gxh4 1-0

[Event "MNT-ch sf"]
[Site "Podgorica"]
[Date "2018.03.16"]
[Round "2"]
[White "Vujovic, Savo"]
[Black "Kontic, Djordjije"]
[Result "1/2-1/2"]
[WhiteElo "1705"]
[BlackElo "2297"]
[PlyCount "20"]
[EventDate "2018.03.15"]
[EventType "swiss"]
[EventRounds "9"]
[EventCountry "MNE"]
[SourceTitle "EXT 2019"]
[Source "ChessBase"]
[SourceDate "2018.10.10"]
[SourceVersion "1"]
[SourceVersionDate "2018.10.10"]
[SourceQuality "1"]

1. e4 c5 2. Nf3 a6 3. Nc3 e6 4. d4 cxd4 5. Nxd4 Qc7 6. Qg4 Nf6 7. Qg3 Bd6 8. Qxg7 Rg8 9. Qxf6 Be5 10. Qh4 Bxd4 1/2-1/2

[Event "Djenovici TS12"]
[Site "Djenovici"]
[Date "2017.12.25"]
[Round "9"]
[White "Kontic, Djordjije"]
[Black "Miljkovic, Milan1111"]
[Result "1/2-1/2"]
[WhiteElo "2314"]
[BlackElo "2163"]
[PlyCount "20"]
[EventDate "2017.12.16"]
[EventType "tourn"]
[EventRounds "9"]
[EventCountry "MNE"]
[SourceTitle "CBM 182 Extra"]
[Source "ChessBase"]
[SourceDate "2018.02.23"]
[SourceVersion "1"]
[SourceVersionDate "2018.02.23"]
[SourceQuality "1"]

1. e4 c5 2. Ne2 d6 3. Nbc3 Nc6 4. h3 Nf6 5. g3 g6 6. Bg2 Bg7 7. 0-0 0-0 8. Kh1 a6 9. a3 e6 10. f4 Qc7 1/2-1/2

[Event "Djenovici TS12"]
[Site "Djenovici"]
[Date "2017.12.18"]
[Round "3"]
[White "Nikcevic, Nebojsa"]
[Black "Kontic, Djordjije"]
[Result "1-0"]
[WhiteElo "2434"]
[BlackElo "2314"]
[PlyCount "99"]
[EventDate "2017.12.16"]
[EventType "tourn"]
[EventRounds "9"]
[EventCountry "MNE"]
[SourceTitle "CBM 182 Extra"]
[Source "ChessBase"]
[SourceDate "2018.02.23"]
[SourceVersion "1"]
[SourceVersionDate "2018.02.23"]
[SourceQuality "1"]

1. d4 Nf6 2. Nf3 g6 3. c4 c5 4. Nc3 cxd4 5. Nxd4 Bg7 6. e4 Nc6 7. Be3 Ng4 8. Qxg4 Nxd4 9. Qd1 Ne6 10. Rc1 Qa5 11. Bd3 b6 12. f4 Bb7 13. 0-0 Rc8 14. e5 f5 15. a3 0-0 16. b4 Qxa3 17. Nb5 Qxb4 18. Rb1 Qa5 19. Ra1 Qb4 20. Ra4 Qb2 21. Rf2 Bxe5 22. Rxb2 Bxb2 23. Rxa7 Bc6 24. Ra2 Bf6 25. Na7 Ra8 26. Bb1 Kf7 27. g3 h5 28. Nxc6 dxc6 29. Rxa8 Rxa8 30. Bxf5 gxf5 31. Qxh5+ Kg7 32. Qxf5 Nd4 33. Qe4 Ra1+ 34. Kg2 Re1 35. Qd3 c5 36. Kh3 Kf8 37. Kg4 Kf7 38. h4 Kf8 39. Bf2 Rc1 40. h5 b5 41. Bxd4 cxd4 42. cxb5 Rc3 43. Qe4 Kg7 44. Qd5 Rc1 45. b6 Rb1 46. b7 d3 47. Qxd3 Rxb7 48. Qg6+ Kh8 49. Qe8+ Kg7 50. Kf5 1-0

[Event "Djenovici TS12"]
[Site "Djenovici"]
[Date "2017.12.17"]
[Round "2"]
[White "Kontic, Djordjije"]
[Black "Dolgun, Can"]
[Result "1/2-1/2"]
[WhiteElo "2314"]
[BlackElo "2055"]
[PlyCount "109"]
[EventDate "2017.12.16"]
[EventType "tourn"]
[EventRounds "9"]
[EventCountry "MNE"]
[SourceTitle "CBM 182 Extra"]
[Source "ChessBase"]
[SourceDate "2018.02.23"]
[SourceVersion "1"]
[SourceVersionDate "2018.02.23"]
[SourceQuality "1"]

1. e4 e5 2. Nf3 Nc6 3. Nc3 Nf6 4. d4 exd4 5. Nd5 Be7 6. Bc4 Nxe4 7. 0-0 Nc5 8. b4 Ne6 9. b5 Na5 10. Nxe7 Nxc4 11. Nf5 0-0 12. Re1 Qf6 13. N5xd4 d5 14. Rb1 Bd7 15. Rb3 Rae8 16. Nxe6 fxe6 17. Bg5 Qf7 18. Bh4 h6 19. Ne5 Nxe5 20. Rxe5 Qf4 21. Bg3 Qc4 22. Ree3 e5 23. Rec3 Qd4 24. Rd3 Qb6 25. Rxd5 Be6 26. Rc3 Bxd5 27. Qxd5+ Kh8 28. h3 e4 29. Kh2 e3 30. fxe3 Rxe3 31. Bxc7 Qe6 32. Qxe6 Rxe6 33. Bg3 Rf5 34. Rc8+ Kh7 35. c4 Re2 36. c5 Rxa2 37. c6 Rxb5 38. c7 Rc5 39. Rb8 Rac2 40. Rxb7 a5 41. Ra7 Kg6 42. Ra8 Kf7 43. Bd6 Rc6 44. Be5 R2c5 45. Bg3 Ke6 46. h4 g5 47. Kh3 Kd5 48. h5 Ke4 49. Re8+ Kd3 50. Rd8+ Kc2 51. Ra8 Kb3 52. Bf2 Rc3+ 53. Kg4 a4 54. Rb8+ Kc2 55. Bg3 1/2-1/2

[Event "MNT-ch 69th"]
[Site "Bar"]
[Date "2017.03.21"]
[Round "11"]
[White "Kontic, Djordjije"]
[Black "Blagojevic, Dragisa"]
[Result "0-1"]
[WhiteElo "2324"]
[BlackElo "2457"]
[PlyCount "58"]
[EventDate "2017.03.11"]
[EventType "tourn"]
[EventRounds "11"]
[EventCountry "MNE"]
[EventCategory "6"]
[SourceTitle "CBM 177 Extra"]
[Source "ChessBase"]
[SourceDate "2017.04.27"]
[SourceVersion "1"]
[SourceVersionDate "2017.04.27"]
[SourceQuality "1"]

1. e4 e5 2. Nf3 Nc6 3. Bc4 Bc5 4. d4 exd4 5. c3 Nf6 6. e5 d5 7. Bb5 Ne4 8. cxd4 Bb6 9. h3 0-0 10. 0-0 f6 11. Bf4 fxe5 12. Bxe5 Nxe5 13. Nxe5 Qg5 14. Nf3 Qf6 15. Nc3 Nxc3 16. bxc3 Bxh3 17. gxh3 Qxf3 18. Bd7 Qxc3 19. Rc1 Qb4 20. Be6+ Kh8 21. Bxd5 c6 22. Rc4 Qd6 23. Bg2 Bc7 24. Re1 Qh2+ 25. Kf1 Bg3 26. Rc2 Bxf2 27. Rxf2 Rxf2+ 28. Kxf2 Rf8+ 29. Ke3 Qxg2 0-1

[Event "MNT-ch 69th"]
[Site "Bar"]
[Date "2017.03.20"]
[Round "10"]
[White "Sukovic, Andrej"]
[Black "Kontic, Djordjije"]
[Result "1-0"]
[WhiteElo "2199"]
[BlackElo "2324"]
[PlyCount "57"]
[EventDate "2017.03.11"]
[EventType "tourn"]
[EventRounds "11"]
[EventCountry "MNE"]
[EventCategory "6"]
[SourceTitle "CBM 177 Extra"]
[Source "ChessBase"]
[SourceDate "2017.04.27"]
[SourceVersion "1"]
[SourceVersionDate "2017.04.27"]
[SourceQuality "1"]

1. e4 g6 2. d4 Bg7 3. Nc3 d6 4. f4 Na6 5. Bxa6 bxa6 6. Nge2 Bb7 7. 0-0 Nf6 8. Qd3 Rc8 9. f5 c5 10. d5 Ng4 11. Qh3 h5 12. fxg6 fxg6 13. Bg5 Qb6 14. Qh4 Rc7 15. h3 c4+ 16. Kh1 Qxb2 17. Qg3 Bc8 18. hxg4 hxg4+ 19. Kg1 Qxc2 20. Rfd1 Rb7 21. Rd2 Qxe4 22. Nxe4 Bxa1 23. Rd1 Bg7 24. Bf4 0-0 25. N2c3 Bd7 26. Ng5 Rf5 27. Nge4 Rb8 28. Qe3 Rbf8 29. Bh6 1-0

[Event "MNT-ch 69th"]
[Site "Bar"]
[Date "2017.03.17"]
[Round "7"]
[White "Kontic, Djordjije"]
[Black "Drasko, Milan"]
[Result "1/2-1/2"]
[WhiteElo "2324"]
[BlackElo "2441"]
[PlyCount "24"]
[EventDate "2017.03.11"]
[EventType "tourn"]
[EventRounds "11"]
[EventCountry "MNE"]
[EventCategory "6"]
[SourceTitle "CBM 177 Extra"]
[Source "ChessBase"]
[SourceDate "2017.04.27"]
[SourceVersion "1"]
[SourceVersionDate "2017.04.27"]
[SourceQuality "1"]

1. e4 e6 2. d4 d5 3. e5 c5 4. c3 Nc6 5. Nf3 Nge7 6. Bd3 cxd4 7. cxd4 Nf5 8. Bxf5 exf5 9. Nc3 Be6 10. Ne2 h6 11. h4 Be7 12. Nf4 g6 1/2-1/2

[Event "MNT-ch sf"]
[Site "Niksic"]
[Date "2017.02.19"]
[Round "4"]
[White "Kontic, Djordjije"]
[Black "Krstonijevic, Stjepan"]
[Result "1-0"]
[WhiteElo "2323"]
[BlackElo "2161"]
[PlyCount "65"]
[EventDate "2017.02.17"]
[EventType "swiss"]
[EventRounds "7"]
[EventCountry "MNE"]
[SourceTitle "CBM 177 Extra"]
[Source "ChessBase"]
[SourceDate "2017.04.27"]
[SourceVersion "1"]
[SourceVersionDate "2017.04.27"]
[SourceQuality "1"]

1. b3 b5 2. Nc3 a6 3. a4 b4 4. Ne4 e6 5. Bb2 f5 6. Ng3 Nf6 7. Nh3 Bd6 8. e4 fxe4 9. d3 e3 10. fxe3 Qe7 11. Be2 Bxg3+ 12. hxg3 Bb7 13. 0-0 0-0 14. Rf4 e5 15. Rh4 a5 16. d4 exd4 17. Qxd4 c5 18. Qf4 d5 19. Bd3 Ne4 20. Bxe4 Rxf4 21. Bxh7+ Kh8 22. Nxf4 Qxh4 23. gxh4 Kxh7 24. Ne6 Nd7 25. Rf1 Kg6 26. Nxg7 c4 27. Bd4 cxb3 28. cxb3 Nc5 29. Nf5 Nxb3 30. Ne7+ Kh7 31. Rf7+ Kh6 32. Bf6 d4 33. g4 1-0

[Event "MNT-ch sf"]
[Site "Niksic"]
[Date "2017.02.19"]
[Round "5"]
[White "Scekic, Veljko"]
[Black "Kontic, Djordjije"]
[Result "1/2-1/2"]
[WhiteElo "2209"]
[BlackElo "2323"]
[PlyCount "51"]
[EventDate "2017.02.17"]
[EventType "swiss"]
[EventRounds "7"]
[EventCountry "MNE"]
[SourceTitle "CBM 177 Extra"]
[Source "ChessBase"]
[SourceDate "2017.04.27"]
[SourceVersion "1"]
[SourceVersionDate "2017.04.27"]
[SourceQuality "1"]

1. Nf3 d6 2. d4 f5 3. Nc3 Nf6 4. h3 c6 5. g4 fxg4 6. hxg4 Bxg4 7. Ng5 Qa5 8. f3 Bd7 9. Qd3 Na6 10. a3 Nb4 11. axb4 Qxa1 12. Kd1 Qa6 13. b5 Qb6 14. bxc6 bxc6 15. Rxh7 Rxh7 16. Qg6+ Kd8 17. Nxh7 Qxd4+ 18. Bd2 Nxh7 19. Qxh7 Qg1 20. Ke1 Rb8 21. b3 Qg3+ 22. Kd1 Qg1 23. Ke1 Qg3+ 24. Kd1 Qg1 25. Ke1 Qg3+ 26. Kd1 1/2-1/2

[Event "BIH-chT 15th"]
[Site "Bihac"]
[Date "2016.07.19"]
[Round "4.4"]
[White "Savanovic, Aleksandar"]
[Black "Kontic, Djordjije"]
[Result "1/2-1/2"]
[WhiteElo "2437"]
[BlackElo "2318"]
[PlyCount "40"]
[EventDate "2016.07.16"]
[EventType "team-tourn"]
[EventRounds "9"]
[EventCountry "BIH"]
[SourceTitle "CBM 173 Extra"]
[Source "ChessBase"]
[SourceDate "2016.08.29"]
[SourceVersion "1"]
[SourceVersionDate "2016.08.29"]
[SourceQuality "1"]
[WhiteTeam "Srbac"]
[BlackTeam "Kiseljak"]
[WhiteTeamCountry "BIH"]
[BlackTeamCountry "BIH"]

1. Nf3 g6 2. c4 Bg7 3. Nc3 d6 4. g3 Nc6 5. Bg2 f5 6. d3 Nf6 7. Rb1 0-0 8. 0-0 Kh8 9. b4 Nh5 10. Nd5 e6 11. Nf4 Nxf4 12. Bxf4 h6 13. b5 Ne7 14. Bd2 e5 15. Bb4 g5 16. Nd2 a5 17. Ba3 Rb8 18. c5 d5 19. c6 e4 20. dxe4 fxe4 1/2-1/2

[Event "Veliko Gradiste Silver Lake op"]
[Site "Veliko Gradiste"]
[Date "2016.06.24"]
[Round "7"]
[White "Kontic, Djordjije"]
[Black "Pap, Misa"]
[Result "1-0"]
[WhiteElo "2312"]
[BlackElo "2496"]
[PlyCount "103"]
[EventDate "2016.06.19"]
[EventType "swiss"]
[EventRounds "9"]
[EventCountry "SRB"]
[SourceTitle "CBM 173 Extra"]
[Source "ChessBase"]
[SourceDate "2016.08.29"]
[SourceVersion "1"]
[SourceVersionDate "2016.08.29"]
[SourceQuality "1"]

1. e4 e5 2. Nf3 Nc6 3. Nc3 g6 4. Bc4 Bg7 5. a4 Nge7 6. d3 0-0 7. h4 h6 8. Ng5 Nd4 9. h5 hxg5 10. hxg6 d5 11. Nxd5 Nxd5 12. c3 Ne6 13. exd5 Nf4 14. Bxf4 exf4 15. Qh5 Re8+ 16. Kd2 Qf6 17. Rae1 Rxe1 18. Rxe1 Kf8 19. gxf7 Qxf7 20. Qxg5 Qf6 21. Qh5 Bf5 22. d6 cxd6 23. Qf3 Re8 24. Rxe8+ Kxe8 25. Qxb7 Bh6 26. Kc2 Bd7 27. Qxa7 Qe5 28. Bb5 Bxb5 29. Qb8+ Ke7 30. Qxb5 Qe2+ 31. Kb3 Qxf2 32. Qb7+ Kf6 33. a5 Qe2 34. Qd5 Qd1+ 35. Kb4 Bf8 36. Kb5 Qc2 37. Qd4+ Kg5 38. Qd5+ Kh4 39. b4 Qxc3 40. a6 Qg7 41. Kb6 Be7 42. a7 Bd8+ 43. Ka6 Qc7 44. Qb7 Qc2 45. Qh7+ Kg3 46. a8Q Qa4+ 47. Kb7 Qb5+ 48. Kc8 d5 49. Qg8+ Kh2 50. Qxd8 Qxd3 51. Qh4+ Kg1 52. Qa1+ 1-0